000 01298nam a2200361 c 4500
999 _c97784
_d97784
003 BLK
005 20250709103241.0
008 180409b bul|||||r ||||||| ||bul||
010 _aKNG00102699000
020 _a954-439-697-7
040 _aBLK
041 _aBUL
_cBUL
080 _aБългарска литература
_b821.163.2
_x-32
_z821.163.2-32
100 _aХайтов, Николай Александров
_d1919-2002
_gПисател. Драматург.
_9431013
139 _aХайтов, Николай Александров
_bХ 21
245 1 0 _aДиви разкази
_cНиколай Александров Хайтов.
250 _a18. изд.
257 _aBGR
260 _bСлово
_c2001
_fВ. Търново : Абагар
300 _a328 с.
_c20 см
380 _aX
490 _aНова българска библиотека
_9201692
490 _aПроза
_9205221
500 _a1. изд. 1967 на изд. Хр. Г. Данов. - Офс. изд. - 2 000 тир.
653 _aразкази
852 _aЦб 212159
856 4 _qpdf
_i0.00
_ldisable
856 4 _qpdf
_i0.00
_ldisable
942 _cKNG
_n0
_047
_s1
944 _aCR
_c01.01.2001
_lЦветомила Тодорова
_k30576
944 _aED
_c10.11.2014
_lф /
999 _d97784